00787cam a2200253 a 450000100060000000300080000600500170001400800410003102000170007202000220008903500190011104000290013004100080015908200180016710000430018524500560022826000460028430000330033049000600036350400260042365000240044983000120047383000480048511754BD-RjUL20211208235158.0140127r19791977enka b 000 0 eng d a0713126507 : a0713126515 (pbk.) a(BD-RjUL)11803 aLCbengcLCdLCdBD-RjUL aeng00a575bEDE 19791 aEdwards, Kenneth John Richards,d1934-10aEvolution in modern biology /cby K. J. R. Edwards. aLondon :bArnold,c1977 [reprinted 1979]. a59, [1] p. :bill. ;c23 cm.1 aThe Institute of Biology's studies in biology ;vno. 87 aBibliography: p. [60] 0aEvolution (Biology) 0vno. 87. 0aInstitute of Biology's studies in biology ;